000 00466nam a2200145Ia 4500
008 211109s9999||||xx |||||||||||||| ||und||
082 _a004.16
_bZAK-A
100 _aZaks, Rodnay
245 3 _aAn Introduction To Micro Processors: From Chips To Systems
260 _bB P b
_aNewdelhi
_c1985
300 _a528p.
630 _xPOST GRADUATE REFERENCE
650 _aData processing & computer science
_vComputer Science Information & General WorkPhysics
942 _cBOOK
999 _c41334
_d41334